An Alaskan Reader / 1867-1967 (Record no. 5614)
[ view plain ]
| 000 -LEADER | |
|---|---|
| fixed length control field | 01146cam a22002174a 4500 |
| 005 - ΗΜΕΡΟΜΗΝΙΑ ΚΑΙ ΩΡΑ ΤΕΛΕΥΤΑΙΑΣ ΕΝΗΜΕΡΩΣΗΣ | |
| Πεδίο ελέγχου | 20250605164217.0 |
| 008 - FIXED-LENGTH DATA ELEMENTS--GENERAL INFORMATION | |
| Πεδίο ελέγχου σταθερού μήκους | 250528s ||||||||||||||||||||||||d |
| 035 ## - SYSTEM CONTROL NUMBER | |
| System control number | 20514 |
| 020 ## - ISBN | |
| ISBN | 6625969 |
| 040 ## - ΠΗΓΗ ΚΑΤΑΛΟΓΟΓΡΑΦΗΣΗΣ | |
| Φορέας πρωτότυπης καταλογογράφησης | MC Athens Campus Library |
| Γλώσσα καταλογογράφησης | Ελληνικά, Μοντέρνα (1453-) |
| Modifying agency | MC Athens Campus Library |
| Κανόνες περιγραφικής καταλογογράφησης | AACR2 |
| 245 1# - ΤΙΤΛΟΣ ΚΑΙ ΔΗΛΩΣΗ ΥΠΕΥΘΥΝΟΤΗΤΑΣ | |
| Τίτλος | An Alaskan Reader / 1867-1967 |
| 250 ## - EDITION STATEMENT | |
| Edition statement | 1st |
| 260 ## - PUBLICATION, DISTRIBUTION, ETC. | |
| Name of publisher, distributor, etc. | Meredith Press, |
| Date of publication, distribution, etc. | 1966 |
| 300 ## - PHYSICAL DESCRIPTION | |
| Extent | 444 |
| 505 0# - FORMATTED CONTENTS NOTE | |
| Formatted contents note | Introduction, The Discovery of Alaska, A Story of Russian America, The Americas Take Over, Gold Rush Tales, The Rush to Nome, Alaskan Justice, Laying the Line, The Erruption of Katmai, Bush Pilots, Alaska's Eskimo People, The Challenge of the Mountains, Hunting for Game, The struggle for Statehood, Contemporary Alaskan Poetry. |
| 520 ## - SUMMARY, ETC. | |
| Summary, etc. | Introduction, The Discovery of Alaska, A Story of Russian America, The Americas Take Over, Gold Rush Tales, The Rush to Nome, Alaskan Justice, Laying the Line, The Erruption of Katmai, Bush Pilots, Alaska's Eskimo People, The Challenge of the Mountains, Hunting for Game, The struggle for Statehood, Contemporary Alaskan Poetry. |
| 700 1# - ΠΡΟΣΘΕΤΗ ΑΝΑΓΡΑΦΗ--ΦΥΣΙΚΟ ΠΡΟΣΩΠΟ | |
| Personal name | Gruening Ernest |
| 9 (RLIN) | 6504 |
| 942 ## - ADDED ENTRY ELEMENTS (KOHA) | |
| Koha item type | Books |
| Τύπος τεκμηρίου | Βιβλιοθήκη | Τρέχουσα τοποθεσία | Barcode | Αριθμός εισαγωγής | Ημερομηνία απόκτησης | Ταξιθετικό σύμβολο | Αριθμός αντιτύπου | Κατάσταση απόσυρσης | Κατάσταση χαμένου | Κατάσταση κατεστραμμένου | Μη δανεισμός | Σύνολο δανεισμών | Ημερομηνία τελευταίας εμφάνισης | Η τιμή ισχύει από |
|---|---|---|---|---|---|---|---|---|---|---|---|---|---|---|
| Books | MC Athens Campus Library | MC Athens Campus Library | 9780000056139 | 6992 | 05/06/2025 | 917.98 GRU | 1 | 05/06/2025 | 05/06/2025 |